All the Bones - Statistics

General Stats
  • This quiz has been taken 134 times
  • The average score is 14 of 26
Answer Stats
Number Answer % Correct
19 Femur
89%
21 Tibia
89%
15 Ulna
84%
14 Radius
82%
22 Fibula
78%
1 Skull
78%
12 Ribs
74%
13 Humerus
73%
10 Scapula
66%
20 Patella
64%
6 Pelvis
64%
9 Clavicle
62%
11 Sternum
62%
2 Mandible
56%
8 Coccyx
53%
17 Metacarpals
49%
25 Metatarsals
49%
16 Carpals
42%
7 Sacrum
41%
24 Tarsals
38%
3 Cervical Vertebrae
22%
5 Lumbar Vertebrae
22%
4 Thoracic Vertebrae
21%
23 Calcaneus
16%
26 Phalanges (Lower)
1%
18 Phalanges (Upper)
1%
No matching quizzes found
Score Distribution
Percent of People with Each Score
Percentile by Number Answered
Your Score History
You have not taken this quiz